[Event "TUR-chT Clubs"]
[Site "Konya"]
[Date "2019.07.19"]
[Round "6.6"]
[White "Celik, Berkay"]
[Black "Mollaoglu, Ergin"]
[Result "0-1"]
[WhiteElo "1876"]
[BlackElo "2309"]
[PlyCount "88"]
[EventDate "2019.07.16"]
[EventType "team-swiss"]
[EventRounds "9"]
[EventCountry "TUR"]
[SourceTitle "CBM 191 Extra"]
[Source "ChessBase"]
[SourceDate "2019.09.30"]
[SourceVersion "1"]
[SourceVersionDate "2019.09.30"]
[SourceQuality "1"]
[WhiteTeam "Akcakoca Esentepe Okulu"]
[BlackTeam "Bitlis Ihtisas Egitim"]
[WhiteTeamCountry "TUR"]
[BlackTeamCountry "TUR"]

1. e4 c5 2. Na3 Nc6 3. Bb5 Nf6 4. d3 g6 5. c3 Bg7 6. f4 0-0 7. Nf3 d5 8. e5 Ne8 9. 0-0 Nc7 10. Bxc6 bxc6 11. Nc2 Rb8 12. d4 cxd4 13. Ncxd4 Bd7 14. Qa4 c5 15. Nc6 Rb6 16. Nxe7+ Qxe7 17. Qxa7 Rc6 18. b4 Nb5 19. Qa5 Rcc8 20. Bd2 Ra8 21. Qb6 Rfb8 22. Qxc5 Qxc5+ 23. bxc5 Bf8 24. Be3 Nxc3 25. Rf2 Rc8 26. Rc2 Na4 27. Rac1 Bf5 28. Rd2 Be4 29. c6 Ba3 30. Rf1 Rxc6 31. Ng5 Bc1 32. Nxe4 dxe4 33. Re2 Nc3 34. Ree1 Bxe3+ 35. Rxe3 Rxa2 36. h4 Rc4 37. Rfe1 Nd5 38. Rxe4 Rcc2 39. Rd4 Rxg2+ 40. Kh1 Ne7 41. e6 fxe6 42. Ra4 Rh2+ 43. Kg1 Rag2+ 44. Kf1 Nf5 0-1

[Event "TUR-chT 1st League"]
[Site "Konya"]
[Date "2018.07.17"]
[Round "2.1"]
[White "Mollaoglu, Ergin"]
[Black "Nalbant, Tuna Onat"]
[Result "1-0"]
[WhiteElo "2308"]
[BlackElo "2340"]
[PlyCount "137"]
[EventDate "2018.07.16"]
[EventType "team-swiss"]
[EventRounds "9"]
[EventCountry "TUR"]
[SourceTitle "EXT 2019"]
[Source "ChessBase"]
[SourceDate "2018.10.10"]
[SourceVersion "1"]
[SourceVersionDate "2018.10.10"]
[SourceQuality "1"]
[WhiteTeam "Tatvan Egitimi"]
[BlackTeam "Manisa Turkuaz"]
[WhiteTeamCountry "TUR"]
[BlackTeamCountry "TUR"]

1. d4 Nf6 2. Nf3 d5 3. Bg5 c5 4. e3 Nc6 5. c3 Qb6 6. Qb3 c4 7. Qxb6 axb6 8. Bxf6 gxf6 9. Nbd2 Bg4 10. Be2 f5 11. h3 Bxf3 12. Bxf3 e6 13. g4 fxg4 14. hxg4 0-0-0 15. 0-0-0 e5 16. dxe5 Nxe5 17. Be2 Bc5 18. g5 Be7 19. Rh5 f6 20. gxf6 Bxf6 21. f4 Ng6 22. Bf3 Ne7 23. Rdh1 b5 24. Rxh7 Rxh7 25. Rxh7 b4 26. Rf7 Bh4 27. Bg4+ Kb8 28. Nf3 Ng6 29. Rg7 bxc3 30. Rxg6 cxb2+ 31. Kxb2 Bf2 32. Re6 Rg8 33. Ng5 d4 34. exd4 Bxd4+ 35. Kc2 c3 36. Bf3 Rh8 37. Kd3 Rd8 38. Nf7 Rd7 39. Rd6 Rc7 40. Kc2 Be3 41. Rf6 Rc4 42. f5 Rf4 43. Ng5 Bd4 44. Rf7 b6 45. Kd3 Be5 46. Be4 Rf2 47. Rb7+ Kc8 48. Rxb6 Rd2+ 49. Kc4 Rxa2 50. Kd5 Ra5+ 51. Ke6 Rc5 52. Bc2 Kc7 53. Ra6 Kb7 54. Ra4 Bh8 55. Rh4 Rc6+ 56. Kd5 Bf6 57. Rh7+ Kb6 58. Ne4 Bd8 59. Rd7 Rc8 60. f6 Bxf6 61. Nxf6 Kb5 62. Ne4 Kb4 63. Kd4 Ka3 64. Rb7 Rd8+ 65. Kxc3 Rc8+ 66. Kd2 Rd8+ 67. Kc1 Rc8 68. Rb3+ Ka2 69. Nc3+ 1-0

[Event "TUR-chT2"]
[Site "Konya"]
[Date "2016.07.21"]
[Round "8.5"]
[White "Yeke, Serkan"]
[Black "Mollaoglu, Ergin"]
[Result "0-1"]
[WhiteElo "2174"]
[BlackElo "2327"]
[PlyCount "68"]
[EventDate "2016.07.17"]
[EventType "team-swiss"]
[EventRounds "9"]
[EventCountry "TUR"]
[SourceTitle "CBM 173 Extra"]
[Source "ChessBase"]
[SourceDate "2016.08.29"]
[SourceVersion "1"]
[SourceVersionDate "2016.08.29"]
[SourceQuality "1"]
[WhiteTeam "Istanbul Darussafaka"]
[BlackTeam "Bitlis Tatvan Egitimi"]
[WhiteTeamCountry "TUR"]
[BlackTeamCountry "TUR"]

1. Nf3 d6 2. c4 e5 3. Nc3 Nc6 4. g3 g6 5. Bg2 Bg7 6. 0-0 Nge7 7. Rb1 a5 8. a3 0-0 9. d3 Nd4 10. Ne1 c6 11. e3 Ne6 12. Bd2 h6 13. b4 axb4 14. axb4 d5 15. Qb3 d4 16. Ne2 dxe3 17. fxe3 Ng5 18. b5 c5 19. Nc3 f5 20. Nd5 e4 21. h4 Nf7 22. dxe4 Nd6 23. Bc3 fxe4 24. Bxg7 Rxf1+ 25. Bxf1 Nxd5 26. Bxh6 Ne7 27. Rd1 Bg4 28. Rd2 Nef5 29. Bf4 Ra1 30. Nc2 Qa5 31. Rd5 Be2 32. Nxa1 Qxa1 33. Rxd6 Qxf1+ 34. Kh2 Nxd6 0-1

[Event "TUR-chT2"]
[Site "Konya"]
[Date "2016.07.20"]
[Round "6.5"]
[White "Mollaoglu, Ergin"]
[Black "Demir, Bilal"]
[Result "1-0"]
[WhiteElo "2327"]
[BlackElo "2099"]
[PlyCount "44"]
[EventDate "2016.07.17"]
[EventType "team-swiss"]
[EventRounds "9"]
[EventCountry "TUR"]
[SourceTitle "CBM 173 Extra"]
[Source "ChessBase"]
[SourceDate "2016.08.29"]
[SourceVersion "1"]
[SourceVersionDate "2016.08.29"]
[SourceQuality "1"]
[WhiteTeam "Bitlis Tatvan Egitimi"]
[BlackTeam "Denizli Pamukkale Uni"]
[WhiteTeamCountry "TUR"]
[BlackTeamCountry "TUR"]

1. d4 f5 2. g3 Nf6 3. Bg2 g6 4. Nh3 Bg7 5. Nf4 Nc6 6. Nc3 e5 7. dxe5 Nxe5 8. Nfd5 0-0 9. Bg5 Nf7 10. Nxf6+ Bxf6 11. Bxf6 Qxf6 12. Qd2 c6 13. 0-0-0 d5 14. h4 Be6 15. h5 Qg5 16. e3 Nd6 17. Ne2 Nc4 18. Qc3 Qf6 19. hxg6 hxg6 20. Rd4 Kg7 21. Nf4 Bf7 22. Rxc4 Bg8 1-0

[Event "TUR-chT2"]
[Site "Konya"]
[Date "2016.07.19"]
[Round "5.6"]
[White "Kiremitciyan, Ari"]
[Black "Mollaoglu, Ergin"]
[Result "1/2-1/2"]
[WhiteElo "2071"]
[BlackElo "2327"]
[PlyCount "95"]
[EventDate "2016.07.17"]
[EventType "team-swiss"]
[EventRounds "9"]
[EventCountry "TUR"]
[SourceTitle "CBM 173 Extra"]
[Source "ChessBase"]
[SourceDate "2016.08.29"]
[SourceVersion "1"]
[SourceVersionDate "2016.08.29"]
[SourceQuality "1"]
[WhiteTeam "Aydin Egitim Merkezi"]
[BlackTeam "Bitlis Tatvan Egitimi"]
[WhiteTeamCountry "TUR"]
[BlackTeamCountry "TUR"]

1. Nf3 Nf6 2. c4 g6 3. Nc3 Bg7 4. e4 d6 5. d4 Bg4 6. Be2 Nfd7 7. Be3 c5 8. d5 Na6 9. h3 Bxf3 10. gxf3 Qa5 11. Qd2 Nc7 12. h4 a6 13. a4 b5 14. cxb5 Bxc3 15. Qxc3 Qxc3+ 16. bxc3 axb5 17. Kd2 bxa4 18. Rhb1 0-0 19. Rb7 Rfc8 20. f4 Nf6 21. f3 Nfe8 22. Bd1 a3 23. Rb3 Rcb8 24. Rxb8 Rxb8 25. Rxa3 Rb2+ 26. Bc2 Kg7 27. Ra7 e6 28. dxe6 Nxe6 29. Kc1 Rb6 30. Ba4 Rb8 31. Kc2 Kf6 32. f5 gxf5 33. exf5 N6c7 34. Bg5+ Kg7 35. Bb3 h6 36. Bf4 Rc8 37. Rb7 Rd8 38. h5 Rc8 39. f6+ Kxf6 40. Bxh6 Ng7 41. Bf4 Nxh5 42. Bxd6 Ne6 43. Be7+ Ke5 44. Bh4 f5 45. Re7 Nhf4 46. Bg3 Kf6 47. Bh4+ Ke5 48. Bg3 1/2-1/2

[Event "TUR-chT"]
[Site "Kocaeli"]
[Date "2014.08.22"]
[Round "5.1"]
[White "Annaberdiyev, Babageldi"]
[Black "Mollaoglu, Ergin"]
[Result "1-0"]
[WhiteElo "2238"]
[BlackElo "2349"]
[PlyCount "91"]
[EventDate "2014.08.18"]
[EventType "team-tourn"]
[EventRounds "13"]
[EventCountry "TUR"]
[SourceTitle "CBM 162 Extra"]
[Source "ChessBase"]
[SourceDate "2014.10.17"]
[SourceVersion "1"]
[SourceVersionDate "2014.10.17"]
[SourceQuality "1"]
[WhiteTeam "Akdeniz Belediyesi"]
[BlackTeam "Antalya Calli"]
[WhiteTeamCountry "TUR"]
[BlackTeamCountry "TUR"]

1. Nf3 Nf6 2. d4 g6 3. Bg5 Bg7 4. Nbd2 d5 5. e3 0-0 6. Bd3 c5 7. c3 Qb6 8. Rb1 Nc6 9. 0-0 Re8 10. b4 c4 11. Bc2 Bf5 12. Bxf6 Bxf6 13. e4 dxe4 14. Bxe4 Bxe4 15. Nxe4 Qd8 16. b5 Na5 17. Qa4 b6 18. Rfe1 Qd5 19. Re2 Bg7 20. Rbe1 e6 21. Ned2 Rac8 22. Ne5 f6 23. Ng4 Qf5 24. f3 h5 25. Nf2 Qd5 26. Nd1 Bh6 27. Ne4 Kf7 28. Ne3 Bxe3+ 29. Rxe3 Qd7 30. R3e2 Red8 31. Qa3 Qe7 32. Qc1 Kg7 33. Ng5 e5 34. Nh3 Rd5 35. Nf4 Rxb5 36. a4 Rb3 37. dxe5 f5 38. Rd2 Nb7 39. Qd1 Nc5 40. Rd6 Rxc3 41. Nd5 Qh4 42. Nxc3 Nd3 43. Rd7+ Kf8 44. g3 Qg5 45. f4 Nxf4 46. Qd2 1-0

[Event "EU-chT Seniors"]
[Site "Sibenik"]
[Date "2014.04.09"]
[Round "9.8"]
[White "Mollaoglu, Ergin"]
[Black "Powell, Lloyd"]
[Result "1/2-1/2"]
[WhiteElo "2354"]
[BlackElo "2132"]
[PlyCount "80"]
[EventDate "2014.04.01"]
[EventType "team-swiss"]
[EventRounds "9"]
[EventCountry "CRO"]
[SourceTitle "EXT 2020"]
[Source "ChessBase"]
[SourceDate "2019.10.17"]
[SourceVersion "1"]
[SourceVersionDate "2019.10.17"]
[SourceQuality "1"]
[WhiteTeam "Turkey Seniors"]
[BlackTeam "Wales Gwent Seniors"]
[WhiteTeamCountry "TUR"]
[BlackTeamCountry "WLS"]

1. d4 Nf6 2. c4 g6 3. Nc3 Bg7 4. Nf3 0-0 5. Bg5 c5 6. d5 h6 7. Bd2 d6 8. e4 e6 9. Bd3 exd5 10. cxd5 Re8 11. 0-0 Na6 12. h3 c4 13. Bc2 Nc5 14. Re1 b5 15. a3 Qb6 16. Be3 Bb7 17. Qd2 Kh7 18. Bd4 Rad8 19. Rad1 Nfd7 20. h4 Ne5 21. Nxe5 dxe5 22. Be3 a6 23. f3 Qd6 24. Qf2 Rc8 25. Rf1 Nd7 26. Ne2 a5 27. Bd2 Ra8 28. h5 Kg8 29. f4 Re7 30. hxg6 fxg6 31. fxe5 Nxe5 32. Qg3 Ra6 33. Qh3 Qd7 34. Qh4 g5 35. Qe1 Nd3 36. Bxd3 cxd3 37. Ng3 Bxd5 38. Bxa5 Bxe4 39. Bb4 Re8 40. Nxe4 Qd4+ 1/2-1/2

[Event "EU-chT Seniors"]
[Site "Sibenik"]
[Date "2014.04.07"]
[Round "7.3"]
[White "Mollaoglu, Ergin"]
[Black "Stohl, Igor"]
[Result "1/2-1/2"]
[WhiteElo "2354"]
[BlackElo "2516"]
[PlyCount "33"]
[EventDate "2014.04.01"]
[EventType "team-swiss"]
[EventRounds "9"]
[EventCountry "CRO"]
[SourceTitle "EXT 2020"]
[Source "ChessBase"]
[SourceDate "2019.10.17"]
[SourceVersion "1"]
[SourceVersionDate "2019.10.17"]
[SourceQuality "1"]
[WhiteTeam "Turkey Seniors"]
[BlackTeam "Slovakia Seniors"]
[WhiteTeamCountry "TUR"]
[BlackTeamCountry "SVK"]

1. d4 Nf6 2. c4 e6 3. Nf3 d5 4. Nc3 Be7 5. Bg5 h6 6. Bh4 0-0 7. e3 b6 8. Qb3 Bb7 9. Bxf6 Bxf6 10. cxd5 exd5 11. Rd1 c6 12. Bd3 Na6 13. 0-0 c5 14. Bb1 Re8 15. a3 cxd4 16. exd4 Nc7 17. Rfe1 1/2-1/2

[Event "TUR-chT"]
[Site "Denizli"]
[Date "2013.07.09"]
[Round "12.4"]
[White "Haznedaroglu, Kivanc"]
[Black "Mollaoglu, Ergin"]
[Result "1-0"]
[WhiteElo "2427"]
[BlackElo "2383"]
[PlyCount "111"]
[EventDate "2013.06.29"]
[EventType "team-tourn"]
[EventRounds "13"]
[EventCountry "TUR"]
[SourceTitle "CBM 155 Extra"]
[Source "ChessBase"]
[SourceDate "2013.08.26"]
[SourceVersion "1"]
[SourceVersionDate "2013.08.26"]
[SourceQuality "1"]
[WhiteTeam "Akdeniz Belediyesi"]
[BlackTeam "Pera Spor"]
[WhiteTeamCountry "TUR"]
[BlackTeamCountry "TUR"]

1. d4 Nf6 2. Nf3 g6 3. g3 Bg7 4. Bg2 0-0 5. 0-0 d6 6. c4 Nc6 7. Nc3 Bf5 8. d5 Na5 9. Nd4 Bd7 10. b3 c5 11. dxc6 Nxc6 12. Bb2 Qa5 13. e3 Rfc8 14. Rc1 Rab8 15. Qe2 a6 16. Rfd1 Qd8 17. Nxc6 Bxc6 18. e4 Nd7 19. Bh3 Rc7 20. Ba3 b5 21. cxb5 axb5 22. Bb4 Ra7 23. Nd5 Bxd5 24. exd5 Bf6 25. Rc2 Kg7 26. Rdc1 h5 27. Bd2 Rab7 28. Bb4 Ra8 29. Bf1 Ne5 30. Kg2 Qd7 31. Qe4 Qg4 32. f4 Nd7 33. Be2 Qf5 34. Qxf5 gxf5 35. Bxh5 Bd4 36. Be2 Nf6 37. Bf3 Ng4 38. Bxg4 fxg4 39. h3 f5 40. hxg4 fxg4 41. Re1 Kg6 42. Rh1 Bf6 43. Kf2 Rbb8 44. Ke3 Rh8 45. Rxh8 Bxh8 46. Ke4 Bf6 47. a3 Ra7 48. Ra2 Rc7 49. Bd2 Rc8 50. a4 bxa4 51. bxa4 Rc4+ 52. Ke3 Rc5 53. a5 Rxd5 54. a6 Kf5 55. Ra4 e5 56. a7 1-0

[Event "TUR-chT"]
[Site "Denizli"]
[Date "2013.06.29"]
[Round "1.3"]
[White "Mollaoglu, Ergin"]
[Black "Mikadze, Miranda"]
[Result "1-0"]
[WhiteElo "2383"]
[BlackElo "2314"]
[PlyCount "85"]
[EventDate "2013.06.29"]
[EventType "team-tourn"]
[EventRounds "13"]
[EventCountry "TUR"]
[SourceTitle "CBM 155 Extra"]
[Source "ChessBase"]
[SourceDate "2013.08.26"]
[SourceVersion "1"]
[SourceVersionDate "2013.08.26"]
[SourceQuality "1"]
[WhiteTeam "Pera Spor"]
[BlackTeam "Er Bakir"]
[WhiteTeamCountry "TUR"]
[BlackTeamCountry "TUR"]

1. c4 c6 2. Nc3 d5 3. cxd5 cxd5 4. d4 Nf6 5. Bf4 Nc6 6. e3 Bf5 7. Nf3 e6 8. Ne5 Nd7 9. Nxc6 bxc6 10. Be2 Qb6 11. Qd2 Bb4 12. a3 Be7 13. 0-0 0-0 14. b4 a5 15. Na4 Qa7 16. Qc3 Rfc8 17. h3 Nf6 18. f3 Nd7 19. Rfc1 g5 20. Bg3 axb4 21. axb4 Qb7 22. Nc5 Nxc5 23. bxc5 Bd8 24. Bd6 Bc7 25. f4 h6 26. Be5 Bxe5 27. fxe5 Kg7 28. Bd3 Bxd3 29. Qxd3 Rxa1 30. Rxa1 Rb8 31. Qf1 Qe7 32. Ra6 Rc8 33. Rb6 f6 34. Qa6 Qd7 35. Rb7 Rc7 36. exf6+ Kxf6 37. Rb8 Ra7 38. Qf1+ Kg6 39. Rg8+ Kh7 40. Qf8 Ra1+ 41. Kf2 Ra2+ 42. Kf3 g4+ 43. hxg4 1-0

[Event "Golden Sands Europe op 1st"]
[Site "Golden Sands"]
[Date "2012.06.10"]
[Round "7"]
[White "Andersen, Alf Roger"]
[Black "Mollaoglu, Ergin"]
[Result "0-1"]
[WhiteElo "2199"]
[BlackElo "2394"]
[PlyCount "108"]
[EventDate "2012.06.04"]
[EventType "swiss"]
[EventRounds "9"]
[EventCountry "BUL"]
[SourceTitle "CBM 148 Extra"]
[Source "ChessBase"]
[SourceDate "2012.06.22"]
[SourceVersion "1"]
[SourceVersionDate "2012.06.22"]
[SourceQuality "1"]

1. e4 c5 2. Nf3 Nc6 3. Bb5 g6 4. 0-0 Bg7 5. Re1 Nf6 6. c3 0-0 7. Na3 d6 8. Nc2 Bg4 9. h3 Bxf3 10. Qxf3 Ne5 11. Qe2 a6 12. f4 axb5 13. fxe5 dxe5 14. Qxb5 Qc7 15. Qe2 c4 16. d3 cxd3 17. Qxd3 Rfd8 18. Qf3 Qc4 19. Nb4 h6 20. b3 Qc5+ 21. Kh1 Rac8 22. Bb2 Rd2 23. Nd3 Qd6 24. Rad1 Rxd1 25. Rxd1 Rd8 26. Nf2 Qc7 27. Rxd8+ Qxd8 28. Qe3 Nh5 29. c4 Nf4 30. b4 h5 31. c5 Qd7 32. Qe1 Bf6 33. Kh2 Qb5 34. g3 Ne2 35. a4 Qc4 36. b5 h4 37. g4 Qc2 38. Ba1 Nf4 39. Qe3 Qb1 40. Bc3 Qf1 41. Qf3 Qc4 42. c6 bxc6 43. bxc6 Qxc6 44. g5 Bxg5 45. Bxe5 Ne6 46. a5 Qb5 47. Qc3 f6 48. a6 Qxa6 49. Bc7 Qf1 50. Nd3 Nxc7 51. Qc4+ Kf8 52. e5 Qe2+ 53. Kh1 Qf3+ 54. Kh2 Qg3+ 0-1

[Event "BUL-chT 56th"]
[Site "Sunny Beach"]
[Date "2006.10.06"]
[Round "2"]
[White "Mollaoglu, Ergin"]
[Black "Ivanov, Stojan Emilov"]
[Result "0-1"]
[WhiteElo "2408"]
[BlackElo "2261"]
[PlyCount "84"]
[EventDate "2006.10.05"]
[EventType "team-tourn"]
[EventRounds "7"]
[EventCountry "BUL"]
[SourceTitle "CBM 114 Extra"]
[Source "ChessBase"]
[SourceDate "2006.11.03"]
[SourceVersion "1"]
[SourceVersionDate "2006.11.03"]
[SourceQuality "1"]
[WhiteTeam "Sofia Lokomotiv"]
[BlackTeam "Sofia CSKA"]
[WhiteTeamCountry "BUL"]
[BlackTeamCountry "BUL"]

1. d4 c5 2. d5 g6 3. e4 Bg7 4. Nf3 d6 5. Bb5+ Nd7 6. 0-0 Ngf6 7. Re1 0-0 8. a4 a6 9. Bf1 b6 10. h3 Qc7 11. Nc3 Bb7 12. Nd2 e5 13. Nc4 Nh5 14. Rb1 Bc8 15. b4 Rb8 16. Ba3 b5 17. axb5 axb5 18. Nxd6 Qxd6 19. bxc5 Qf6 20. c6 Nb6 21. d6 Be6 22. Rxb5 Nf4 23. c7 Ra8 24. Bc1 Nd7 25. Ne2 g5 26. Ng3 h5 27. c4 g4 28. Bxf4 Qxf4 29. Nxh5 Qg5 30. Ng3 gxh3 31. c5 hxg2 32. Bxg2 Nf6 33. c6 Ng4 34. Qe2 Qh4 35. d7 Bh6 36. d8Q Raxd8 37. cxd8Q Rxd8 38. Rd1 Qh2+ 39. Kf1 Rxd1+ 40. Qxd1 Bc4+ 41. Ke1 Qg1+ 42. Bf1 Qxf2# 0-1

[Event "BUL-chT 55th"]
[Site "Sunny Beach"]
[Date "2005.09.30"]
[Round "5.5"]
[White "Mollaoglu, Ergin"]
[Black "Iotov, Valentin Dimitrov"]
[Result "1/2-1/2"]
[WhiteElo "2422"]
[BlackElo "2447"]
[PlyCount "51"]
[EventDate "2005.09.26"]
[EventType "team-swiss"]
[EventRounds "7"]
[EventCountry "BUL"]
[SourceTitle "CBM 108 Extra"]
[Source "ChessBase"]
[SourceDate "2005.11.04"]
[SourceVersion "1"]
[SourceVersionDate "2005.11.04"]
[SourceQuality "1"]
[WhiteTeam "Sofia Lokomotiv"]
[BlackTeam "Burgas Lukoil-Neftohimik"]
[WhiteTeamCountry "BUL"]
[BlackTeamCountry "BUL"]

1. d4 Nf6 2. c4 e6 3. Nf3 b6 4. g3 Ba6 5. b3 Bb7 6. Bg2 Bb4+ 7. Bd2 a5 8. 0-0 0-0 9. Nc3 d6 10. Qc2 Nbd7 11. Rad1 Bxc3 12. Bxc3 Be4 13. Qc1 Qb8 14. Ne1 Bxg2 15. Nxg2 c6 16. Qf4 d5 17. Bb2 b5 18. cxd5 cxd5 19. Rc1 Qxf4 20. Nxf4 Rfc8 21. f3 Kf8 22. Kf2 Ke7 23. Rxc8 Rxc8 24. Rc1 Rxc1 25. Bxc1 Kd6 26. Ke3 1/2-1/2

[Event "BUL-chT 55th"]
[Site "Sunny Beach"]
[Date "2005.09.26"]
[Round "1.5"]
[White "Mollaoglu, Ergin"]
[Black "Mishkovski, Lubomir"]
[Result "1-0"]
[WhiteElo "2422"]
[BlackElo "2000"]
[PlyCount "59"]
[EventDate "2005.09.26"]
[EventType "team-swiss"]
[EventRounds "7"]
[EventCountry "BUL"]
[SourceTitle "CBM 108 Extra"]
[Source "ChessBase"]
[SourceDate "2005.11.04"]
[SourceVersion "1"]
[SourceVersionDate "2005.11.04"]
[SourceQuality "1"]
[WhiteTeam "Sofia Lokomotiv"]
[BlackTeam "Plovdiv Maritza"]
[WhiteTeamCountry "BUL"]
[BlackTeamCountry "BUL"]

1. d4 Nf6 2. Nf3 e6 3. c4 Bb4+ 4. Nbd2 0-0 5. a3 Be7 6. e4 d5 7. e5 Ne4 8. Qc2 Nxd2 9. Bxd2 dxc4 10. Bxc4 Nd7 11. h4 c5 12. Bd3 h6 13. Ng5 cxd4 14. Bh7+ Kh8 15. Bg8 f5 16. Nxe6 Qb6 17. Nxf8 Bxf8 18. Ba2 Nxe5 19. 0-0 Be6 20. Bxe6 Qxe6 21. Rfe1 Qf6 22. Qb3 Bd6 23. Bf4 g5 24. Bxe5 Bxe5 25. Qd5 Re8 26. Rac1 Kg7 27. h5 g4 28. g3 f4 29. Rc7+ Kh8 30. Qd7 1-0

[Event "BUL-chT 54th"]
[Site "Plovdiv"]
[Date "2004.11.22"]
[Round "3.6"]
[White "Mollaoglu, Ergin"]
[Black "Marholev, Dimitar"]
[Result "1/2-1/2"]
[WhiteElo "2419"]
[BlackElo "2359"]
[PlyCount "25"]
[EventDate "2004.11.20"]
[EventType "team-swiss"]
[EventRounds "7"]
[EventCountry "BUL"]
[SourceTitle "EXT 2006"]
[Source "ChessBase"]
[SourceDate "2005.11.24"]
[SourceVersion "1"]
[SourceVersionDate "2005.11.24"]
[SourceQuality "1"]
[WhiteTeam "Sofia Lokomotiv"]
[BlackTeam "Plovdiv Lokomotiv"]
[WhiteTeamCountry "BUL"]
[BlackTeamCountry "BUL"]

1. d4 d6 2. e4 Nf6 3. Nc3 g6 4. Nf3 Bg7 5. h3 0-0 6. Be3 a6 7. a4 Nc6 8. d5 Nb4 9. a5 e6 10. dxe6 Bxe6 11. Be2 Qe7 12. Kf1 d5 13. Nxd5 1/2-1/2

[Event "BUL-chT"]
[Site "Plovdiv"]
[Date "2003.11.08"]
[Round "6"]
[White "Mladenov, Svetlin"]
[Black "Mollaoglu, Ergin"]
[Result "1/2-1/2"]
[WhiteElo "2301"]
[BlackElo "2435"]
[PlyCount "80"]
[EventDate "2003.11.??"]
[EventType "team"]
[EventRounds "9"]
[EventCountry "BUL"]
[SourceTitle "CBM 097 Extra"]
[Source "ChessBase"]
[SourceDate "2004.01.13"]
[SourceVersion "1"]
[SourceVersionDate "2004.01.13"]
[SourceQuality "1"]

1. e4 e6 2. d4 d5 3. Nc3 Bb4 4. e5 b6 5. Qg4 Bf8 6. Bg5 Qd7 7. Bb5 c6 8. Ba4 h6 9. Bd2 a5 10. a3 Ba6 11. Nge2 h5 12. Qf3 Ne7 13. 0-0 Nf5 14. Bg5 Be7 15. Bxe7 Qxe7 16. Rfd1 Qg5 17. b4 Qg4 18. Qxg4 hxg4 19. b5 cxb5 20. Nxb5 Ke7 21. c4 dxc4 22. d5 Rd8 23. d6+ Kf8 24. Nc7 Ra7 25. Rab1 Rb7 26. Nc3 Kg8 27. Ne4 Nh4 28. Rd2 Ng6 29. Rdb2 c3 30. Rxb6 Rxb6 31. Rxb6 Bd3 32. Nc5 Nxe5 33. Nxd3 Nxd3 34. Nb5 Rc8 35. Nxc3 Ne5 36. Rb7 Na6 37. Ne2 Rd8 38. Rb5 Nc4 39. Bb3 Rxd6 40. h3 Nxa3 1/2-1/2

[Event "BUL-chT"]
[Site "Borovetz"]
[Date "2002.09.19"]
[Round "2"]
[White "Mollaoglu, Ergin"]
[Black "Marholev, Dimitar"]
[Result "1-0"]
[WhiteElo "2449"]
[BlackElo "2303"]
[PlyCount "47"]
[EventDate "2002.09.19"]
[EventType "team-tourn"]
[EventRounds "7"]
[EventCountry "BUL"]
[SourceTitle "EXT 2006"]
[Source "ChessBase"]
[SourceDate "2005.11.24"]
[SourceVersion "1"]
[SourceVersionDate "2005.11.24"]
[SourceQuality "1"]

1. d4 Nf6 2. c4 g6 3. Nc3 Bg7 4. e4 d6 5. h3 c5 6. d5 e6 7. Bd3 0-0 8. Nf3 exd5 9. cxd5 b5 10. Nxb5 Nxe4 11. Bxe4 Qa5+ 12. Nc3 Re8 13. 0-0 Bxc3 14. bxc3 Rxe4 15. Ng5 Re5 16. Bf4 Rf5 17. Qd2 Qa4 18. Bxd6 Bb7 19. Rab1 Rxd5 20. Qe3 Rxd6 21. Rxb7 Nd7 22. Qe7 Qf4 23. Nxf7 Rd2 24. Ng5 1-0

[Event "Antalya op"]
[Site "Antalya"]
[Date "2002.02.27"]
[Round "6"]
[White "Djuric, Stefan"]
[Black "Mollaoglu, Ergin"]
[Result "1/2-1/2"]
[WhiteElo "2487"]
[BlackElo "2444"]
[PlyCount "27"]
[EventDate "2002.02.22"]
[EventType "swiss"]
[EventRounds "9"]
[EventCountry "TUR"]
[SourceTitle "CBM 086 Extra"]
[Source "ChessBase"]
[SourceDate "2002.03.14"]
[SourceVersion "1"]
[SourceVersionDate "2002.03.14"]
[SourceQuality "1"]

1. d4 Nf6 2. Nf3 g6 3. g3 Bg7 4. Bg2 0-0 5. 0-0 d5 6. c4 dxc4 7. Na3 c3 8. bxc3 c5 9. e3 Nc6 10. Bb2 Bf5 11. Qe2 Qb6 12. Ne5 Nxe5 13. dxe5 Ng4 14. e4 1/2-1/2

[Event "Antalya op"]
[Site "Antalya"]
[Date "2002.02.26"]
[Round "5"]
[White "Mollaoglu, Ergin"]
[Black "Bayram, Yakup"]
[Result "1-0"]
[WhiteElo "2444"]
[BlackElo "2269"]
[PlyCount "145"]
[EventDate "2002.02.22"]
[EventType "swiss"]
[EventRounds "9"]
[EventCountry "TUR"]
[SourceTitle "CBM 086 Extra"]
[Source "ChessBase"]
[SourceDate "2002.03.14"]
[SourceVersion "1"]
[SourceVersionDate "2002.03.14"]
[SourceQuality "1"]

1. d4 Nf6 2. Nf3 g6 3. c4 Bg7 4. Nc3 0-0 5. Bg5 c5 6. e3 h6 7. Bxf6 exf6 8. dxc5 Na6 9. Be2 f5 10. Qc2 Nxc5 11. 0-0 b6 12. Nd2 Bb7 13. Bf3 Rc8 14. Bxb7 Nxb7 15. Rac1 Bxc3 16. Qxc3 d5 17. Qa3 dxc4 18. Nxc4 Qd5 19. Qxa7 Rxc4 20. Rxc4 Qxc4 21. Qxb7 Qb5 22. b3 Rd8 23. h4 h5 24. Qe7 Rd7 25. Qf6 Qc5 26. Qb2 Qc8 27. Rc1 Qd8 28. Rc4 Rd1+ 29. Kh2 Kh7 30. Qe5 Rd5 31. Qf4 Qf6 32. Rd4 Re5 33. Qg5 Qe6 34. Qd8 Re4 35. g3 Rxd4 36. Qxd4 Qc6 37. Qc4 Qb7 38. a4 Kg8 39. b4 Qf3 40. Qa2 g5 41. hxg5 h4 42. g6 hxg3+ 43. fxg3 Qh5+ 44. Kg2 Qxg6 45. a5 Qc6+ 46. Kf2 Qh1 47. Qc4 Qh2+ 48. Kf3 bxa5 49. bxa5 Kg7 50. a6 Kg6 51. a7 Qh1+ 52. Ke2 Qg2+ 53. Kd1 Qf3+ 54. Kc2 Qf2+ 55. Kd1 Qg1+ 56. Kd2 Qg2+ 57. Kc3 Qb7 58. Qa4 Qc7+ 59. Kd2 Qd8+ 60. Kc3 Qc7+ 61. Kd3 Qd8+ 62. Qd4 Qa5 63. Qd6+ f6 64. Qd7 Qa6+ 65. Kd4 Qb6+ 66. Kc4 Qa6+ 67. Kc5 Qa5+ 68. Kc6 Qa6+ 69. Kc5 Qa5+ 70. Kd6 Qb6+ 71. Ke7 Qxe3+ 72. Kf8 Qc5+ 73. Qe7 1-0

[Event "Antalya op"]
[Site "Antalya"]
[Date "2002.02.25"]
[Round "4"]
[White "Demirel, Tolga"]
[Black "Mollaoglu, Ergin"]
[Result "0-1"]
[WhiteElo "2166"]
[BlackElo "2444"]
[PlyCount "62"]
[EventDate "2002.02.22"]
[EventType "swiss"]
[EventRounds "9"]
[EventCountry "TUR"]
[SourceTitle "CBM 086 Extra"]
[Source "ChessBase"]
[SourceDate "2002.03.14"]
[SourceVersion "1"]
[SourceVersionDate "2002.03.14"]
[SourceQuality "1"]

1. d4 Nf6 2. c4 d6 3. Nc3 Bf5 4. g3 e5 5. Bg2 c6 6. e4 Bg4 7. f3 Bh5 8. Be3 Nbd7 9. Nge2 Be7 10. Qd2 h6 11. 0-0 0-0 12. b4 Nb6 13. Qd3 exd4 14. Qxd4 Nfd7 15. Bf2 Bf6 16. Qxd6 Nxc4 17. Qd1 Nde5 18. g4 Bg6 19. Qxd8 Rfxd8 20. Bd4 Nxf3+ 21. Bxf3 Bxd4+ 22. Nxd4 Rxd4 23. Rfd1 Ne5 24. Kf2 Rxb4 25. Rab1 Rxb1 26. Rxb1 b6 27. Rd1 Kf8 28. Ke3 Ke7 29. Be2 f6 30. h4 Bf7 31. Rg1 g5 0-1